| 000 | 00331nam a2200133Ia 4500 | ||
|---|---|---|---|
| 008 | 220530s9999 xx 000 0 und d | ||
| 041 | _aeng | ||
| 082 |
_a891.46 _bBAN |
||
| 100 |
_aBansal Rashmi _956160 |
||
| 245 | _aStay Hungry Stay Foolish | ||
| 260 |
_aAhmedabad _bPrint Vision Pvt ltd |
||
| 300 |
_a325 P _bPB |
||
| 906 |
_a25 _bGB |
||
| 999 |
_c50997 _d50997 |
||